000 003510000a22001330004500
050 4 _aCD 018
245 1 0 _aRégimen jurídico de la educación en Colombia : Jurisprudencia
260 _aBogotá : Leyer
001 13566
942 _cBK
999 _c42524
_d42524
336 _atexto
_btxt
_2rdacontent
337 _2rdamedia
_asin mediación
_bn
338 _2rdacarrier
_avolumen
_bnc